000 00214nam a2200121Ia 4500
100 _a#N/A
942 _cBK
654 _aBook
245 _aProject Management
260 _b#N/A
546 _aENGLISH
999 _c25237
_d25237